| 000 | 00703nam a2200193Ia 4500 | ||
|---|---|---|---|
| 003 | GCL | ||
| 008 | 140319s9999 xx 000 0 ara d | ||
| 040 |
_aGCL / _cGCL |
||
| 082 | 0 | 4 |
_a327.5310538 _bخ ع |
| 100 | 1 | _aخالد محمود السعدون | |
| 245 | 1 | 0 |
_aالعلاقات بين نجد و الكويت 1319- 1341هـ ، 1902 - 1922م / _cخالد محمود السعدون |
| 250 | _aالاولى | ||
| 260 |
_aالرياض : _bدار الملك عبد العزيز ، _c1983 |
||
| 300 |
_a386 ص ؛ _c24 سم |
||
| 650 | 0 | 4 | _aالدبلوماسية |
| 650 | 0 | 4 | _aالكويت - العلاقات الخارجية |
| 650 | 0 | 4 | _aنجد - العلاقات الخارجية |
| 942 |
_2ddc _cBK |
||
| 999 |
_c6966 _d6966 |
||